Normal view
MARC view
Entry Personal Name
001 - CONTROL NUMBER
- control field: 39940
003 - CONTROL NUMBER IDENTIFIER
- control field: dpl
005 - DATE AND TIME OF LATEST TRANSACTION
- control field: 20120120152241.0
008 - FIXED-LENGTH DATA ELEMENTS
- fixed length control field: 120120|||a|||||| | ||| d
040 ## - CATALOGING SOURCE
- Original cataloging agency: dpl
- Transcribing agency: dpl
100 ## - HEADING--PERSONAL NAME
- Personal name: अग्रवाल, घमंडीलाल
670 ## - SOURCE DATA FOUND
- Source citation: Work cat.: (dpl): अग्रवाल, घमंडीलाल 39939, विज्ञान पहेलियां:, 2011
670 ## - SOURCE DATA FOUND
- Source citation: Work cat.: (dpl): अग्रवाल, घमंडीलाल 39939, विज्ञान पहेलियां:, 2011
